Antonín Macek : (1872-1923) : literární pozůstalost /

Hlavní autor: Krulichová, Marie, 1940-2002
Jazyk: Čeština
Vydáno: Praha : Památník národního písemnictví, 1965
Edice: Literární pozůstalost (Literární archív Památníku národního písemnictví)
Fyzický popis: 16 s. ; 8°
Knihy
Uloženo v:
LEADER 00981nam a22002652a 4500
001 001620820
003 CZ BrMZK
005 20180416081520.0
007 ta
008 180315s1965 xr er|||||||||||cze d
015 |a cnb000489435 
035 |a (OCoLC)42129697 
040 |a ABA001  |b cze  |c KLG001  |d ABA001  |d BOA001  |e aacr2 
080 9 |a 92 Macek, A.(083.81) 
100 1 |a Krulichová, Marie,  |d 1940-2002  |7 js20030908005  |4 aut 
245 1 0 |a Antonín Macek :  |b (1872-1923) : literární pozůstalost /  |c zprac. Maryna Formánková 
260 |a Praha :  |b Památník národního písemnictví,  |c 1965 
300 |a 16 s. ;  |c 8° 
490 1 |a Literární pozůstalost ;  |v č. 435a 
500 |a Na titulním listu chybně 1964 
830 0 |a Literární pozůstalost (Literární archív Památníku národního písemnictví)  |0 s 
910 |a BOA001  |b X-0553.661 
990 |a BK 
991 |b 201803 
996 6 |b 2618928196  |c X-0553.661  |l MZK  |r Sklad / do 24 hodin  |n 1  |w 001656282  |u 000010  |a 1  |e BOA001  |j MZK50  |s P